| 000 | 00823nam a2200193 i 4500 | ||
|---|---|---|---|
| 001 | 156082 | ||
| 003 | ES-MaACL | ||
| 005 | 20230906210320.0 | ||
| 008 | 981216s1895 ag |||| | spa d | ||
| 100 | 1 |
_aIrigoyen, Bernardo de. _9128198 |
|
| 245 | 1 | 0 |
_aLímites con Chile / _cartículos del Doctor Irigoyen ; publicados en la prensa de la capital y recopilados por Arturo B. Carranza. |
| 260 |
_aBuenos Aires : _b[s.n.], _c1895 ( _fimprenta de Juan A. Alsina) |
||
| 300 |
_a80 p. ; _c21 cm. |
||
| 505 | 8 |
_aContiene: ; _tEl tratado ; _tLa convención ; _tEl protocolo |
|
| 651 | 4 |
_aArgentina- _xFronteras- _zChile. _9158791 |
|
| 651 | 4 |
_aChile- _xFronteras- _zArgentina. _9158792 |
|
| 700 | 1 |
_aCarranza, Arturo B. _9126350 |
|
| 852 |
_aES-MaACL _jT-797-F-6 _z- Enc. hol., conservando cub. original _z- Enc. en un vol. facticio |
||
| 999 |
_c156082 _d156082 |
||